Т. 32; Электрохимия

Detalles Bibliográficos
Parent link:Электрохимия: [сборник статей]/ Академия наук СССР (АН СССР), Всесоюзный институт научной и технической информации (ВИНИТИ). Т. 32.— , 1966-
Outros autores: Полукаров Ю. М. (редактор)
Idioma:ruso
Publicado: 1991
Subjects:
Formato: MixedMaterials Libro
KOHA link:https://koha.lib.tpu.ru/cgi-bin/koha/opac-detail.pl?biblionumber=120647

MARC

LEADER 00000nam2a2200000 4500
001 120647
005 20231101215626.0
035 |a (RuTPU)RU\TPU\book\130642 
090 |a 120647 
100 |a 20070903d1991 k y0rusy50 ca 
101 0 |a rus 
102 |a RU 
105 |a y z 001zy 
200 0 |a Т. 32  |f Академия наук СССР (АН СССР), Всесоюзный институт научной и технической информации (ВИНИТИ) ; под ред. Ю. М. Полукарова 
210 |d 1991 
215 |a 142 с. 
320 |a Библиография в конце обзоров 
461 1 |0 (RuTPU)RU\TPU\book\150122  |t Электрохимия  |o [сборник статей]  |f Академия наук СССР (АН СССР), Всесоюзный институт научной и технической информации (ВИНИТИ)  |v Т. 32  |d 1966-   |s Электрохимия 
606 |a Электрохимия  |2 stltpush  |3 (RuTPU)RU\TPU\subj\21014  |9 46066 
610 1 |a органические соединения 
610 1 |a галогенирование 
610 1 |a хлорирование 
610 1 |a фторирование 
675 |a 544.6  |v 3 
702 1 |a Полукаров  |b Ю. М.  |4 340 
801 1 |a RU  |b 63413507  |c 20070903  |g PSBO 
801 2 |a RU  |b 63413507  |c 20180416  |g PSBO 
942 |c BK